000 00558nam a2200193Ia 4500
003 GCL
008 140319s9999 xx 000 0 ara d
040 _aGCL /
_cGCL
082 0 4 _a370.71
_bم ت
100 1 _aمحمود احمد شوقى
245 1 0 _aتربية المعلم للقرن الحادى والعشرين /
_cمحمود احمد شوقى
700 1 _aمحمد مالك محمد سعيد
300 _a378
490 _a100 قصة
_v0
650 0 4 _aالتربية
650 0 4 _aتدريب
650 0 4 _aالمدرسون
942 _2ddc
_cBK
999 _c43433
_d43433